Countries with Healthiest Food - Statistics

General Stats
  • This quiz has been taken 66 times
  • The average score is 4 of 10
Answer Stats
Hint Answer % Correct
9 Israel
64%
1 Chad
48%
3 Mali
46%
6 Ghana
41%
8 Senegal
41%
4 Gambia
36%
2 Sierra Leone
36%
10 Somalia
31%
7 Côte d'Ivoire
30%
5 Uganda
28%
No matching quizzes found
Score Distribution
Percent of People with Each Score
Percentile by Number Answered
Your Score History
You have not taken this quiz